[Event "Tabor op"]
[Site "Tabor"]
[Date "2012.08.05"]
[Round "9"]
[White "Omelka, Antonin"]
[Black "Otradovec, Lubos"]
[Result "1-0"]
[WhiteElo "1957"]
[BlackElo "1837"]
[PlyCount "61"]
[EventDate "2012.07.29"]
[EventType "swiss"]
[EventRounds "9"]
[EventCountry "CZE"]
[SourceTitle "EXT 2013"]
[Source "ChessBase"]
[SourceDate "2012.11.22"]
[SourceVersion "1"]
[SourceVersionDate "2012.11.22"]
[SourceQuality "1"]

1. Nf3 d6 2. d4 g6 3. g3 Bg7 4. Bg2 Nf6 5. 0-0 0-0 6. c4 c5 7. Nc3 Nc6 8. d5 Na5 9. Qa4 a6 10. e4 Nd7 11. Bd2 Rb8 12. h3 b5 13. cxb5 c4 14. Qc2 axb5 15. Ne2 Ba6 16. Bc3 b4 17. Bxg7 Kxg7 18. Rfd1 Nc5 19. Ned4 Qb6 20. e5 b3 21. axb3 cxb3 22. Qc3 Nc4 23. exd6 Kg8 24. Nc6 Rb7 25. Nxe7+ Rxe7 26. dxe7 Re8 27. Re1 Nxb2 28. Rxa6 Qxa6 29. Qxb2 Nd3 30. Bf1 Nxb2 31. Bxa6 1-0

[Event "Tabor op"]
[Site "Tabor"]
[Date "2012.08.02"]
[Round "6"]
[White "Otradovec, Lubos"]
[Black "Krbusik, Marian"]
[Result "1/2-1/2"]
[WhiteElo "1837"]
[BlackElo "1969"]
[PlyCount "97"]
[EventDate "2012.07.29"]
[EventType "swiss"]
[EventRounds "9"]
[EventCountry "CZE"]
[SourceTitle "EXT 2013"]
[Source "ChessBase"]
[SourceDate "2012.11.22"]
[SourceVersion "1"]
[SourceVersionDate "2012.11.22"]
[SourceQuality "1"]

1. e4 c5 2. Nc3 Nc6 3. f4 d6 4. Bc4 e6 5. d3 Nge7 6. Nf3 g6 7. 0-0 Bg7 8. Qe1 0-0 9. Qh4 Nd4 10. f5 Nxf3+ 11. Rxf3 Nxf5 12. Qxd8 Rxd8 13. exf5 gxf5 14. Ne2 d5 15. Bb3 b5 16. c3 Bb7 17. d4 cxd4 18. cxd4 b4 19. Be3 Ba6 20. Ng3 Rac8 21. Nh5 Be2 22. Rh3 Bg4 23. Rh4 Bxh5 24. Rxh5 Rd7 25. Rd1 Rdc7 26. Bf4 Rc6 27. Rh3 a5 28. Re3 Rc1 29. Red3 R1c6 30. Re1 h6 31. Rdd1 Kh7 32. Be5 Kg6 33. Kf2 Bxe5 34. Rxe5 Kf6 35. Ree1 h5 36. Kf3 h4 37. Rg1 R6c7 38. g3 hxg3 39. hxg3 Rh8 40. Rh1 Rg8 41. Rh4 Re8 42. g4 fxg4+ 43. Kxg4 Rg8+ 44. Kf3 Rcc8 45. Rf4+ Ke7 46. Re1 Rg5 47. Rg4 Rf5+ 48. Ke3 Rh5 49. Kf3 1/2-1/2

[Event "Tabor op"]
[Site "Tabor"]
[Date "2012.07.31"]
[Round "4"]
[White "Otradovec, Lubos"]
[Black "Odehnal, Jaroslav"]
[Result "1-0"]
[WhiteElo "1837"]
[BlackElo "2100"]
[PlyCount "31"]
[EventDate "2012.07.29"]
[EventType "swiss"]
[EventRounds "9"]
[EventCountry "CZE"]
[SourceTitle "EXT 2013"]
[Source "ChessBase"]
[SourceDate "2012.11.22"]
[SourceVersion "1"]
[SourceVersionDate "2012.11.22"]
[SourceQuality "1"]

1. e4 e5 2. Nf3 Nf6 3. d4 Nxe4 4. Bd3 d5 5. Nxe5 Bd6 6. 0-0 Qf6 7. Nc3 Nxc3 8. bxc3 Be6 9. f4 Bf5 10. Rb1 Bxd3 11. Nxd3 b6 12. Re1+ Kd8 13. Qh5 c6 14. f5 h6 15. Ne5 Rf8 16. Ng4 1-0

[Event "CZE-chT2A 1011"]
[Site "Czech Republic"]
[Date "2011.03.27"]
[Round "10"]
[White "Otradovec, Lubos"]
[Black "Lauko, Marian"]
[Result "1/2-1/2"]
[WhiteElo "1895"]
[BlackElo "2002"]
[PlyCount "151"]
[EventDate "2010.10.17"]
[EventType "team-tourn"]
[EventRounds "11"]
[EventCountry "CZE"]
[SourceTitle "EXT 2012"]
[Source "ChessBase"]
[SourceDate "2011.11.24"]
[SourceVersion "1"]
[SourceVersionDate "2011.11.24"]
[SourceQuality "1"]
[WhiteTeam "Tabor II"]
[BlackTeam "Cesky Krumlov"]
[WhiteTeamCountry "CZE"]
[BlackTeamCountry "CZE"]

1. e4 d5 2. exd5 Nf6 3. d4 Nxd5 4. c4 Nf6 5. h3 e6 6. Nf3 c5 7. Be3 Nc6 8. Nc3 cxd4 9. Nxd4 Nxd4 10. Bxd4 Bd7 11. Be2 Be7 12. 0-0 0-0 13. Bf3 Qc8 14. Qe2 Bc6 15. b3 Nd7 16. Rfd1 Bf6 17. Bxf6 Nxf6 18. Rd2 Rd8 19. Rxd8+ Qxd8 20. Bxc6 bxc6 21. Qe5 Qe7 22. Rd1 Rd8 23. Rxd8+ Qxd8 24. Qe3 Qb6 25. Qxb6 axb6 26. Kf1 Kf8 27. Ke2 Ke7 28. Kd3 Nd7 29. Ne2 Nc5+ 30. Kd4 f6 31. f3 e5+ 32. Kc3 f5 33. b4 Ne6 34. a4 Kd7 35. Kd3 g6 36. Ke3 h6 37. Kd3 Kd6 38. Ke3 g5 39. Kd3 Nc7 40. Nc3 Ne6 41. Ne2 Ng7 42. Nc3 Ne8 43. Nd1 Ng7 44. Nc3 Ne6 45. Ne2 Nc7 46. Ng3 Ke6 47. Kc3 c5 48. b5 Ne8 49. Kd2 Nd6 50. Kd3 Nb7 51. Nf1 Nd6 52. Nd2 Kd7 53. Ke3 f4+ 54. Kd3 Nf5 55. Ke2 h5 56. Ne4 Ne3 57. Kd3 Nxg2 58. Nxg5 Nh4 59. Ke4 Ng2 60. Kxe5 Ne3 61. Kxf4 Nxc4 62. Ne4 Nb2 63. a5 bxa5 64. Nxc5+ Kc7 65. Kg5 Kb6 66. Nb3 a4 67. Na1 Kxb5 68. f4 Kc6 69. f5 Nd3 70. Kxh5 Kd7 71. Kg5 Ke7 72. h4 Kf7 73. h5 Ne5 74. h6 a3 75. Kf4 Nd7 76. Kg5 1/2-1/2

[Event "CZE-chT2A 1011"]
[Site "Czech Republic"]
[Date "2010.12.05"]
[Round "4"]
[White "Otradovec, Lubos"]
[Black "Jaros, Martin"]
[Result "0-1"]
[WhiteElo "1895"]
[BlackElo "2161"]
[PlyCount "108"]
[EventDate "2010.10.17"]
[EventType "team-tourn"]
[EventRounds "11"]
[EventCountry "CZE"]
[SourceTitle "EXT 2012"]
[Source "ChessBase"]
[SourceDate "2011.11.24"]
[SourceVersion "1"]
[SourceVersionDate "2011.11.24"]
[SourceQuality "1"]
[WhiteTeam "Tabor II"]
[BlackTeam "Plzen Sokol"]
[WhiteTeamCountry "CZE"]
[BlackTeamCountry "CZE"]

1. e4 e5 2. Nf3 Nc6 3. Bb5 Nf6 4. 0-0 Nxe4 5. d4 Be7 6. Re1 Nd6 7. Bxc6 bxc6 8. dxe5 Nf5 9. b3 0-0 10. Bb2 d5 11. exd6 cxd6 12. Nbd2 Be6 13. Nf1 d5 14. Ng3 Nxg3 15. hxg3 c5 16. Ne5 Bd6 17. Qh5 f6 18. Nd3 Qd7 19. Qh4 Bf5 20. Rad1 Qf7 21. Ba3 Rac8 22. Rc1 Rfd8 23. g4 Bg6 24. Qh3 Qc7 25. Qf3 Be4 26. Rxe4 dxe4 27. Qxe4 Qf7 28. c4 Kh8 29. Qf5 Qg6 30. Qxg6 hxg6 31. Re1 Kg8 32. Kf1 Kf7 33. g3 Bf8 34. Nf4 Rd2 35. Re2 Rd1+ 36. Re1 Rxe1+ 37. Kxe1 Re8+ 38. Kd2 Bd6 39. Bb2 Bxf4+ 40. gxf4 Ke6 41. f3 Rh8 42. f5+ gxf5 43. gxf5+ Kxf5 44. Ba3 Rc8 45. Ke3 g5 46. Bb2 Ke6 47. Bc3 f5 48. a3 a6 49. Kf2 f4 50. Ke2 Kf5 51. Kf2 g4 52. fxg4+ Kxg4 53. Kg2 f3+ 54. Kf2 Kf4 0-1

[Event "CZE Czechia-ch U16"]
[Site "Harrachov"]
[Date "2009.10.28"]
[Round "6"]
[White "Otradovec, Lubos"]
[Black "Strnad, Jakub"]
[Result "1-0"]
[WhiteElo "1890"]
[BlackElo "1573"]
[PlyCount "69"]
[EventDate "2009.10.24"]
[EventType "swiss"]
[EventRounds "9"]
[EventCountry "CZE"]
[SourceTitle "EXT 2012"]
[Source "ChessBase"]
[SourceDate "2011.11.24"]
[SourceVersion "1"]
[SourceVersionDate "2011.11.24"]
[SourceQuality "1"]

1. e4 e5 2. Nf3 Nc6 3. Bc4 Nf6 4. d3 h6 5. 0-0 Bc5 6. c3 0-0 7. Bb3 Bb6 8. Re1 d6 9. Nbd2 Re8 10. Ba4 Bd7 11. Nf1 a6 12. h3 Ba7 13. g4 b5 14. Bb3 Nxg4 15. hxg4 Bxg4 16. Ng3 Qf6 17. Kg2 Ne7 18. Rh1 Ng6 19. Bd2 Kh7 20. Ng5+ Kh8 21. Nxf7+ Kh7 22. f3 Bd7 23. Ng5+ Kh8 24. Nf7+ Kh7 25. Ng5+ Kh8 26. Rh2 Nf4+ 27. Bxf4 exf4 28. Nf7+ Kh7 29. Nh5 Qg6+ 30. Kh1 Be6 31. Nxf4 Bxb3 32. Qxb3 Qg3 33. Ng2 c6 34. d4 c5 35. Qd5 1-0

[Event "CZE Czechia-ch U16"]
[Site "Harrachov"]
[Date "2009.10.27"]
[Round "4"]
[White "Otradovec, Lubos"]
[Black "Petrasek, Kamil"]
[Result "1-0"]
[WhiteElo "1890"]
[BlackElo "1574"]
[PlyCount "103"]
[EventDate "2009.10.24"]
[EventType "swiss"]
[EventRounds "9"]
[EventCountry "CZE"]
[SourceTitle "EXT 2012"]
[Source "ChessBase"]
[SourceDate "2011.11.24"]
[SourceVersion "1"]
[SourceVersionDate "2011.11.24"]
[SourceQuality "1"]

1. e4 e5 2. Nf3 d6 3. Bc4 Bg4 4. 0-0 g6 5. Re1 Nc6 6. c3 Bg7 7. d3 Nge7 8. Bxf7+ Kxf7 9. Ng5+ Kg8 10. Qxg4 Qc8 11. Qe2 h6 12. Nh3 Kh7 13. f4 Qe6 14. Be3 Rhf8 15. Nd2 Rf7 16. Rf1 Raf8 17. fxe5 dxe5 18. Nb3 b6 19. Rxf7 Rxf7 20. Rf1 Bf6 21. Nf2 Ng8 22. Ng4 h5 23. Nf2 Qe7 24. Nh3 Kg7 25. Qd2 Nd8 26. Bg5 Ne6 27. Bxf6+ Nxf6 28. Nf2 Qf8 29. h3 Nh7 30. Nc1 g5 31. Qd1 h4 32. Ng4 Qc5+ 33. Kh1 Nf4 34. Ne2 Nf6 35. Nxf4 exf4 36. Nxf6 Rxf6 37. Re1 Qe5 38. d4 Qe6 39. d5 Qe5 40. Rf1 a5 41. Qa4 Qe7 42. Qd4 Kg8 43. c4 Qf8 44. e5 Rf5 45. Qe4 Rf7 46. Re1 f3 47. gxf3 Kg7 48. Kg2 Rf4 49. Qe2 Kf7 50. e6+ Ke7 51. Qd3 Kd6 52. Qa3+ 1-0

[Event "CZE Czechia-ch U16"]
[Site "Harrachov"]
[Date "2009.10.26"]
[Round "3"]
[White "Sabolova, Kristyna"]
[Black "Otradovec, Lubos"]
[Result "1-0"]
[WhiteElo "1765"]
[BlackElo "1890"]
[PlyCount "51"]
[EventDate "2009.10.24"]
[EventType "swiss"]
[EventRounds "9"]
[EventCountry "CZE"]
[SourceTitle "EXT 2012"]
[Source "ChessBase"]
[SourceDate "2011.11.24"]
[SourceVersion "1"]
[SourceVersionDate "2011.11.24"]
[SourceQuality "1"]

1. d4 Nf6 2. c4 g6 3. Nf3 d6 4. Nc3 Bg7 5. g3 0-0 6. Bg2 c5 7. 0-0 Nc6 8. dxc5 dxc5 9. Bf4 Qa5 10. Qa4 Be6 11. Nd2 Rac8 12. Bxc6 Qb6 13. Bg2 Nh5 14. Qc2 Nxf4 15. gxf4 Rfd8 16. Rfd1 Qd6 17. e3 Bg4 18. Bf3 Qe6 19. Qe4 Bxc3 20. Qxe6 Bxe6 21. bxc3 Rd3 22. Nb3 Rxc3 23. Bxb7 Rc7 24. Ba6 Bxc4 25. Bxc4 Rxc4 26. Rdc1 1-0

[Event "CZE-ch U14"]
[Site "Kouty nad Desnou"]
[Date "2009.??.??"]
[Round "5"]
[White "Otradovec, Lubos"]
[Black "Pospisil, Martin"]
[Result "1-0"]
[WhiteElo "1654"]
[BlackElo "1820"]
[PlyCount "37"]
[EventDate "2009.03.07"]
[EventType "swiss"]
[EventRounds "9"]
[EventCountry "CZE"]
[SourceTitle "EXT 2011"]
[Source "ChessBase"]
[SourceDate "2010.11.26"]
[SourceVersion "1"]
[SourceVersionDate "2010.11.26"]
[SourceQuality "1"]

1. e4 c5 2. Nc3 Nc6 3. f4 d6 4. Nf3 g6 5. Bc4 Bg7 6. 0-0 e6 7. d3 Nge7 8. Qe1 0-0 9. Qh4 Na5 10. f5 exf5 11. Bg5 Re8 12. Nd5 Nac6 13. Bf6 h6 14. Bxg7 Kxg7 15. Qf6+ Kg8 16. Nxe7+ Qxe7 17. Qxg6+ Kf8 18. Qxh6+ Kg8 19. Ng5 1-0

[Event "CZE-ch U14"]
[Site "Sec u Chrudimi"]
[Date "2008.11.01"]
[Round "9"]
[White "Otradovec, Lubos"]
[Black "Slampa, Jan"]
[Result "1-0"]
[WhiteElo "1658"]
[BlackElo "1652"]
[PlyCount "119"]
[EventDate "2008.10.25"]
[EventType "swiss"]
[EventRounds "9"]
[EventCountry "CZE"]
[SourceTitle "EXT 2022"]
[Source "ChessBase"]
[SourceDate "2021.10.06"]
[SourceVersion "1"]
[SourceVersionDate "2021.10.06"]
[SourceQuality "1"]

1. e4 e5 2. Nf3 Nc6 3. Bb5 Nf6 4. 0-0 Nxe4 5. d4 Nd6 6. Bxc6 dxc6 7. dxe5 Nf5 8. Qxd8+ Kxd8 9. Nc3 Be6 10. Ng5 Bc5 11. Nxe6+ fxe6 12. Bg5+ Ke8 13. Ne2 h6 14. Bf4 g5 15. Bg3 Ke7 16. Rad1 Rad8 17. c3 h5 18. h3 Rhf8 19. Bh2 Rg8 20. Kh1 Rxd1 21. Rxd1 Bxf2 22. Rf1 Bb6 23. Rf3 g4 24. hxg4 hxg4 25. Rd3 Be3 26. g3 Bh6 27. Bg1 b6 28. Kg2 c5 29. b4 c4 30. Rd1 Ne3+ 31. Bxe3 Bxe3 32. Nf4 Bxf4 33. gxf4 Rh8 34. Rh1 Rxh1 35. Kxh1 Kf7 36. Kg2 Kg6 37. Kg3 Kf5 38. b5 Ke4 39. Kxg4 Kd3 40. f5 Kxc3 41. fxe6 Kb2 42. e7 c3 43. e8Q c2 44. Qc6 c1Q 45. Qxc1+ Kxc1 46. e6 Kc2 47. e7 Kc3 48. e8Q Kb4 49. Kf4 Ka5 50. Qc6 a6 51. bxa6 Kxa6 52. a4 Ka7 53. Ke5 Kb8 54. Kd5 Kc8 55. Ke6 Kb8 56. Kd7 Ka7 57. Qxc7+ Ka6 58. Qc4+ Ka7 59. Kc7 b5 60. Qxb5 1-0

[Event "CZE-ch U14"]
[Site "Sec u Chrudimi"]
[Date "2008.10.28"]
[Round "5"]
[White "Tilgner, Marcel"]
[Black "Otradovec, Lubos"]
[Result "1/2-1/2"]
[WhiteElo "1492"]
[BlackElo "1658"]
[PlyCount "45"]
[EventDate "2008.10.25"]
[EventType "swiss"]
[EventRounds "9"]
[EventCountry "CZE"]
[SourceTitle "EXT 2022"]
[Source "ChessBase"]
[SourceDate "2021.10.06"]
[SourceVersion "1"]
[SourceVersionDate "2021.10.06"]
[SourceQuality "1"]

1. d4 Nf6 2. c4 g6 3. Nf3 Bg7 4. Nc3 d6 5. g3 0-0 6. Bg2 c6 7. 0-0 a6 8. h3 b5 9. cxb5 cxb5 10. a3 Bb7 11. Bg5 Nbd7 12. Re1 Qb6 13. e4 e5 14. d5 b4 15. Na4 Qd8 16. axb4 h6 17. Bd2 Ne8 18. Qc1 Kh7 19. Nh4 Rc8 20. Nc3 Nb6 21. b3 Nc7 22. Qd1 Qe7 23. Rc1 1/2-1/2